Bytový dom

Gespeichert in:
Bibliographische Detailangaben
1. Verfasser: Samek, Michael (Verfasst von)
Weitere Verfasser: Petro, Marek (Betreuung Doktorarbeit)
Format: Manuskript Buch
Sprache:Slowakisch
Veröffentlicht: 2025
Schlagworte:
Online-Zugang:http://is.stuba.sk/zp/portal_zp.pl?podrobnosti=176486
CRZP
Tags: Tag hinzufügen
Keine Tags, Fügen Sie das erste Tag hinzu!

MARC

LEADER 00000ntm a22000003a 4500
001 stuzp105480
003 SK-STU
005 20250729133414.9
007 ta
008 150427s2015----xo-----f-mn---000-0-slo-d
040 |a STU  |b slo 
041 0 |a slo 
100 1 |a Samek, Michael  |u 010270  |4 aut  |U SvF Stavebná fakulta  |T SvF Katedra technológie stavieb  |X 121711  |U V270  |Y 28  |7 121711 
242 0 1 |a Flat house  |y eng 
245 1 0 |a Bytový dom 
260 |c 2025 
650 4 |a debnenie stropu  |2 slo 
650 4 |a Peri DUO  |2 slo 
650 4 |a Bytový dom  |2 slo 
650 4 |a Residental Building  |2 eng 
650 4 |a slab formwork  |2 eng 
650 4 |a Peri DUO  |2 eng 
700 1 |a Petro, Marek  |u 010270  |k Z8  |4 ths  |U SvF Stavebná fakulta  |T SvF Katedra technológie stavieb  |X 18958  |U V270  |Y 28  |7 A000018958 
856 4 |u http://is.stuba.sk/zp/portal_zp.pl?podrobnosti=176486 
856 4 |u https://opac.crzp.sk/?fn=detailBiblioForm&sid=BBB70232DB8D19E5FF26BDDCF3EF  |z CRZP